International student's perception of the quality in library services at National University of Science and Technology (NUST) library/ (Record no. 167605)

MARC details
000 -LEADER
fixed length control field 00805nam a2200229 a 4500
008 - FIXED-LENGTH DATA ELEMENTS--GENERAL INFORMATION
fixed length control field
049 ## - LOCAL HOLDINGS (OCLC)
Holding library MAIN
090 ## - LOCALLY ASSIGNED LC-TYPE CALL NUMBER (OCLC); LOCAL CALL NUMBER (RLIN)
Classification number (OCLC) (R) ; Classification number, CALL (RLIN) (NR) Z678.85
Local cutter number (OCLC) ; Book number/undivided call number, CALL (RLIN) SIH
003 - CONTROL NUMBER IDENTIFIER
control field
005 - DATE AND TIME OF LATEST TRANSACTION
control field 20230123141108.0
040 ## - CATALOGING SOURCE
Transcribing agency NUST
100 1# - MAIN ENTRY--PERSONAL NAME
Personal name Sihwa, Mpho.
245 #0 - TITLE STATEMENT
Title International student's perception of the quality in library services at National University of Science and Technology (NUST) library/
Statement of responsibility, etc. Mpho Sihwa.
260 ## - PUBLICATION, DISTRIBUTION, ETC.
Place of publication, distribution, etc. Bulawayo :
Name of publisher, distributor, etc. NUST,
Date of publication, distribution, etc. 2017.
300 ## - PHYSICAL DESCRIPTION
Extent xv, 63 p. :
Other physical details ill. ;
Dimensions 30 cm.
500 ## - GENERAL NOTE
General note Dissertation (MSc)---NUST, 2017.
504 ## - BIBLIOGRAPHY, ETC. NOTE
Bibliography, etc. note Includes bibliographic references.
650 ## - SUBJECT ADDED ENTRY--TOPICAL TERM
Topical term or geographic name entry element library services.
700 ## - ADDED ENTRY--PERSONAL NAME
Personal name NUST.
Numeration Dept. of Library and Information Science.
Title of a work Dissertation.
907 ## - LOCAL DATA ELEMENT G, LDG (RLIN)
a .b10390455
b 15-03-18
c 15-03-18
942 ## - ADDED ENTRY ELEMENTS (KOHA)
Koha item type Ordinary Loan Books
Call number prefix Z678.85
Call number suffix SIH
Holdings
Date last seen Total Checkouts Full call number Barcode Cost, replacement price Price effective from Koha item type Lost status Source of classification or shelving scheme Damaged status Not for loan Collection Withdrawn status Home library Current library Shelving location Date acquired Cost, normal purchase price
01/23/2023   Z678.85 SIH 92004044237 80.00 01/23/2023 BOOKS   LCC     NFIC   MAIN MAIN GEN 01/23/2023 80.00